05045cam a2200565 i 4500999001300000001000900013003000400022005001700026008004100043010001700084020001800101035002400119040009400143042001400237050002200251072001500273072001500288082002000303100002900323245010500352246003800457250002100495264004400516264001100560300006400571336002600635337002800661338002700689500002800716504005100744505058800795505057401383505057201957505057802529505059503107520032503702521001704027650002104044650002504065650002004090650004704110650002704157650003004184650002004214700003004234700002904264906004504293942001304338952012804351 c895d89520086810OSt20251027105712.0171020t20192019mauab b 001 0 eng d a 2017958476 a9781337614436 a(OCoLC)on1050335454 aICZbengerdacICZdUKWOHdOCLCFdLTSCAdPHCSBdYDXdCHVBKdOCLCOdOCLCQdWVUdOCLCOdDLC alccopycat00aHF5387b.F45 2019 7aSOC2eflch 7aSOC2ukslc04a174.4bF8382231 aFerrell, O. C.,eauthor.10aBusiness ethics :bethical decision making and cases /cO.C. Ferrell, John Fraedrich, Linda Ferrell.30aEthical decision making and cases aTwelfth edition. 1aBoston, MA :bCengage Learning,c[2019] 4c©2019 axviii, 585 pages :bcolor illustrations, color map ;c26 cm atextbtxt2rdacontent aunmediatedbn2rdamedia avolumebnc2rdacarrier aPrevious edition: 2017. aIncludes bibliographical references and index.0 aCover; Brief Contents; Contents; Preface; Part 1: An Overview of Business Ethics; Chapter 1: The Importance of Business Ethics; Chapter Objectives; Chapter Outline; An Ethical Dilemma; Business Ethics Defined; Why Study Business Ethics?; The Development of Business Ethics; Developing Organizational and Global Ethical Cultures; The Benefits of Business Ethics; Our Framework for Studying Business Ethics; Summary; Important Terms for Review; Resolving Ethical Business Challenges; Check Your EQ; Chapter 2: Stakeholder Relationships, Social Responsibility, and Corporate Governance.0 aChapter ObjectivesChapter Outline; An Ethical Dilemma; Stakeholders Define Ethical Issues in Business; Social Responsibility and Business Ethics; Issues in Social Responsibility; Social Responsibility and the Importance of a Stakeholder Orientation; Corporate Governance Provides Formalized Responsibility to Stakeholders; Implementing a Stakeholder Perspective; Contributions of a Stakeholder Perspective; Summary; Important Terms for Review; Resolving Ethical Business Challenges; Check Your EQ; Part 2: Ethical Issues and the Institutionalization of Business Ethics.0 aChapter 3: Emerging Business Ethics IssuesChapter Objectives; Chapter Outline; An Ethical Dilemma; Recognizing an Ethical Issue (Ethical Awareness); Foundational Values for Identifying Ethical Issues; Ethical Issues and Dilemmas in Business; The Challenge of Determining an Ethical Issue in Business; Summary; Important Terms for Review; Resolving Ethical Business Challenges; Check Your EQ; Chapter 4: The Institutionalization of Business Ethics; Chapter Objectives; Chapter Outline; An Ethical Dilemma; Managing Ethical Risk through Mandated and Voluntary Programs.0 aMandated Requirements for Legal ComplianceThe Sarbanes-Oxley (SOX) Act; Dodd-Frank Wall Street Reform and Consumer Protection Act; Laws That Encourage Ethical Conduct; Federal Sentencing Guidelines for Organizations; Core or Best Practices; The Importance of Institutionalization in Business Ethics; Summary; Important Terms for Review; Resolving Ethical Business Challenges; Check Your EQ; Part 3: The Decision Making Process; Chapter 5: Ethical Decision Making; Chapter Objectives; Chapter Outline; An Ethical Dilemma; A Framework for Ethical Decision Making in Business.0 aUsing the Ethical Decision Making Model to Improve Ethical DecisionsNormative Considerations in Ethical Decision Making; Understanding Ethical Decision Making; Summary; Important Terms for Review; Resolving Ethical Business Challenges; Check Your EQ; Chapter 6: Individual Factors: Moral Philosophies and Values; Chapter Objectives; Chapter Outline; An Ethical Dilemma; Moral Philosophy Defined; Applying Moral Philosophy to Ethical Decision Making; Cognitive Moral Development and Limitations; White-Collar Crime; Individual Factors in Business Ethics; Summary; Important Terms for Review.8 aUsing a real managerial framework, this text explains how ethical considerations can be adopted into corporate decisions. It provides an overview of concepts, processes and best practices associated with successful business ethics, as well as preparing students for the dilemmas they will face in their business careers. aSpecialized. 0aBusiness ethics. 6aMorale des affaires. 7aSociety.2eflch 7aBusiness ethics.2fast0(OCoLC)fst00842675 7aUnternehmensethik2gnd 7aEntscheidungsfindung2gnd 7aSociety.2ukslc1 aFraedrich, John,eauthor.1 aFerrell, Linda,eauthor. a7bcbcccopycatd2encipf20gy-gencatlg 2ddccCIR 00102ddc4070aCLbCLcRESd2025-05-29ePurchasedg9618.00h11255l0o174.4 F838 2019p11255r2025-05-29w2025-05-29yCIR